000 00319nam a2200121Ia 4500
008 210430s9999 xx 000 0 und d
020 _a0-19-577676-3
082 _a954.9043 K451P
100 _aMazhar Ali Khan
_954613
245 _aPakistan The First Twelve Years
_cMazhar Ali Khan
300 _a757
942 _cBK
_2ddc
999 _c565241
_d565241